<?xml version="1.0" encoding="UTF-8"?>
<record
    xmlns:xsi="http://www.w3.org/2001/XMLSchema-instance"
    xsi:schemaLocation="http://www.loc.gov/MARC21/slim http://www.loc.gov/standards/marcxml/schema/MARC21slim.xsd"
    xmlns="http://www.loc.gov/MARC21/slim">

  <leader>01355nam a22002537a 4500</leader>
  <datafield tag="952" ind1=" " ind2=" ">
    <subfield code="0">0</subfield>
    <subfield code="1">0</subfield>
    <subfield code="2">lcc</subfield>
    <subfield code="4">0</subfield>
    <subfield code="7">0</subfield>
    <subfield code="a">20</subfield>
    <subfield code="b">20</subfield>
    <subfield code="d">2015-11-21</subfield>
    <subfield code="l">0</subfield>
    <subfield code="o">HB171.5 M35 2015</subfield>
    <subfield code="p">20 002981</subfield>
    <subfield code="r">2015-11-21</subfield>
    <subfield code="t">1</subfield>
    <subfield code="w">2015-11-21</subfield>
    <subfield code="y">LB</subfield>
  </datafield>
  <datafield tag="952" ind1=" " ind2=" ">
    <subfield code="0">0</subfield>
    <subfield code="1">0</subfield>
    <subfield code="4">0</subfield>
    <subfield code="7">0</subfield>
    <subfield code="a">07</subfield>
    <subfield code="b">07</subfield>
    <subfield code="d">2018-10-25</subfield>
    <subfield code="l">0</subfield>
    <subfield code="o">HB171.5 M35 2015</subfield>
    <subfield code="p">07 006491</subfield>
    <subfield code="r">2018-10-25</subfield>
    <subfield code="t">1</subfield>
    <subfield code="w">2018-10-25</subfield>
    <subfield code="y">LB</subfield>
  </datafield>
  <datafield tag="999" ind1=" " ind2=" ">
    <subfield code="c">98503</subfield>
    <subfield code="d">98503</subfield>
  </datafield>
  <controlfield tag="005">20231102151901.0</controlfield>
  <controlfield tag="008">151121b2015    mx ||||| |||| 00| 0 spa d</controlfield>
  <datafield tag="020" ind1=" " ind2=" ">
    <subfield code="a">9786075194479</subfield>
  </datafield>
  <datafield tag="050" ind1="0" ind2="4">
    <subfield code="a">HB171.5</subfield>
    <subfield code="b">M3518</subfield>
  </datafield>
  <datafield tag="100" ind1=" " ind2=" ">
    <subfield code="a">Mankiw, N. Gregory        </subfield>
    <subfield code="e">autor</subfield>
  </datafield>
  <datafield tag="245" ind1=" " ind2=" ">
    <subfield code="a">Microenom&#xED;a versi&#xF3;n para Am&#xE9;rica Latina</subfield>
    <subfield code="c"> / N. Gregory Mankiw ; adaptaci&#xF3;n para Am&#xE9;rica Latina, Marcos S. &#xC1;valos Bracho, Mercedes Mu&#xF1;oz, Edgar A. Robles, Juan Antonio Zapata, Felipe Zurita ; traducci&#xF3;n, Ma. Guadalupe Meza y Staines, Ma. del Pilar Carril Villarreal </subfield>
  </datafield>
  <datafield tag="250" ind1=" " ind2=" ">
    <subfield code="a">6a edici&#xF3;n</subfield>
  </datafield>
  <datafield tag="260" ind1=" " ind2=" ">
    <subfield code="a">M&#xE9;xico</subfield>
    <subfield code="b"> : Cengage Learning</subfield>
    <subfield code="c">, 2015</subfield>
  </datafield>
  <datafield tag="300" ind1=" " ind2=" ">
    <subfield code="a">xxxii, 504 p&#xE1;ginas</subfield>
    <subfield code="b">: ilustraciones</subfield>
  </datafield>
  <datafield tag="500" ind1=" " ind2=" ">
    <subfield code="a">Incluye: &#xED;ndice</subfield>
  </datafield>
  <datafield tag="505" ind1=" " ind2=" ">
    <subfield code="a">Introducci&#xF3;n
C&#xF3;mo funcionan los mercados
Mercados y bienestar
La econom&#xED;a del sector p&#xFA;blico
Conducta de la empresa y organizaci&#xF3;n
Econom&#xED;a de los mercados de trabajo
Temas para estudio posterior</subfield>
  </datafield>
  <datafield tag="519" ind1=" " ind2=" ">
    <subfield code="a">Plan Flexible / </subfield>
    <subfield code="b">Adminsitraci&#xF3;n de Empresas Tur&#xED;sticas / </subfield>
    <subfield code="c">Microeconom&#xED;a (B12) / </subfield>
    <subfield code="d">(20 002981)</subfield>
  </datafield>
  <datafield tag="519" ind1=" " ind2=" ">
    <subfield code="a">Material Complementario /</subfield>
    <subfield code="b">(Negocios Internacionales /</subfield>
    <subfield code="d">(07 0064919)</subfield>
  </datafield>
  <datafield tag="650" ind1="1" ind2="4">
    <subfield code="a">MICROECONOM&#xCD;A</subfield>
  </datafield>
  <datafield tag="650" ind1="2" ind2="4">
    <subfield code="a">MERCADOS</subfield>
  </datafield>
  <datafield tag="650" ind1="2" ind2="4">
    <subfield code="a">SECTOR P&#xDA;BLICO</subfield>
  </datafield>
  <datafield tag="942" ind1=" " ind2=" ">
    <subfield code="c">LB</subfield>
  </datafield>
</record>
